| 000 | 00950cab a2200277 4500 | ||
|---|---|---|---|
| 001 | ABS56648 | ||
| 008 | 090401t1997 xxu||||| |||| 00| 0 eng d | ||
| 035 | _a(Sirsi) u25039 | ||
| 041 | _aeng | ||
| 100 | _aMagowan, A. | ||
| 245 | _aLandfill Tax: the story so far | ||
| 260 | _c1997 | ||
| 350 | _a0 | ||
| 490 |
_aCivil Engineering Surveyor _v22(1) February 1997, 28-29(2) |
||
| 520 | _aReviews the Landfill Tax to date and discusses issues that have emerged since its introduction in October 1996. Concludes that the tax has led to an increase in disposal costs and to disputes over contractual arrangements between contractors and their employers. | ||
| 650 | _aCONTRACTORS | ||
| 650 | _aCONTRACTUAL DISPUTES | ||
| 650 | _aCOSTS OF DIPOSAL | ||
| 650 | _aLANDFILL SITES | ||
| 650 | _aLANDFILL TAX | ||
| 650 | _aSPECIAL WASTE REGULATIONS | ||
| 650 | _aWASTE MANAGEMENT | ||
| 690 | _aTAXATION | ||
| 942 | _n0 | ||
| 948 | _c04/03/1997 | ||
| 999 |
_c16794 _d16794 |
||